000
00284nam a22001337a 4500
008
180928b xxu||||| |||| 00| 0 eng d
020
_a
0721628788
041
_a
eng
080
_a
616
100
_a
9
101
_a
PAT
245
_a
Motor Speech Disorders
_c
Darley
942
_2
udc
_c
BK
999
_c
48642
_d
48642